00349nam a22001457a 4500003000400000005001700004008004100021020001700062040002300079050001500102082001500117100001200132245003500144260002400179OSt20210916152639.0210916b |||||||| |||| 00| 0 eng d a81-2031217-1 cHawassa university a576/RAOb1 a576/RAOb1 aRao a.s aIntroduction to microbiology aHall of indiac1979